000 00709nam a2200253Ia 4500
001 dia_3599
003 CHAP
005 20230310114106.0
008 220117s2005 xx 000 0 und d
010 _a174092
020 _a968-18-6658-4
040 _cCHAP
082 _a500.972 C3
100 _aCañedo Dorantes, Luis
_9154986
245 _aLa tecnología en México, el reto ante la globalización /
_cLuis Cañedo Dorantes y otros
260 _aMéxico :
_b LUMISA,
_c2005
300 _a486 p.
500 _aC/e
650 _aTecnología
_xMéxico
_9154987
901 _a500.972 C3
902 _aM
905 _a0000002005 mx 0000000000spa00
942 _cLIBRO
_2ddc
999 _c174092
_d174092